Manual de Derecho Romano /
Guardado en:
| Autor Principal: | |
|---|---|
| Otros Autores: | |
| Formato: | Libro |
| Idioma: | Spanish |
| Publicado: |
Buenos Aires :
LexisNexis,
2005
|
| Edición: | 1º ed. |
| Materias: | |
| Etiquetas: |
Agregar Etiqueta
Sin Etiquetas, Sea el primero en etiquetar este registro!
|
| LEADER | 00622nam a22002055a 4500 | ||
|---|---|---|---|
| 001 | DER.der006303 | ||
| 008 | 180615s2005####ag#||||||||||||||#||spa|| | ||
| 005 | 20210326100746.0 | ||
| 245 | 1 | 0 | |a Manual de Derecho Romano / |c Alfredo Di Pietro, Ángel Enrique Lapieza Elli. |
| 250 | |a 1º ed. | ||
| 260 | |a Buenos Aires : |b LexisNexis, |c 2005 | ||
| 300 | |a 488 p. | ||
| 020 | |a 9875920053 | ||
| 100 | 1 | |a Di Pietro, Alfredo | |
| 700 | 1 | |a Lapieza Elli, Angel Enrique | |
| 082 | 0 | 4 | |a 340.54 |2 21 |
| 650 | 7 | |a Derecho romano |2 SAIJ | |
| 653 | |a DERECHO CIVIL | ||
| 653 | |a DERECHO ROMANO | ||
| 859 | |a DERECHO |b BIB. DERECHO |h 340.54 |i DIP |k 1.02 |p 005614 |t 1 | ||
